000 00498nam a2200205Ia 4500
008 180207s9999 xx 000 0 und d
020 _a9780439527859
050 _bR455 2003
100 _aRex, Michael
245 _aFirefighter :
245 _ba word by word first reader.
245 _cby Michael Rex.
260 _aNew York :
260 _bScholastic,
260 _c2003
300 _aunpaged :
300 _bcolor illustration ;
300 _c22cm.
440 _aScholastic reader.
999 _c355522
_d355522